| 000 | 00690nam a22002057a 4500 | ||
|---|---|---|---|
| 003 | OSt | ||
| 005 | 20250710072544.0 | ||
| 008 | 250710b |||||||| |||| 00| 0 eng d | ||
| 020 | _a9789719654117 | ||
| 040 |
_aDWCL - Main lib _cOC |
||
| 082 | _aFil. 658.404 F634p 2015 | ||
| 100 | _aFlores, Marivic F. | ||
| 245 |
_aProject management/ _cMarivic F. Flores |
||
| 260 |
_aManila, Philippines : _bUnlimited Books Library Services and Publishing inc., _c c2015 |
||
| 300 |
_ax, 372 pages : _b illustrations ; _c26 cm. |
||
| 504 | _aIncludes bibliographical references. | ||
| 650 | _a1. Project management. | ||
| 700 | _aAngelita Ong Camilar - Serrano | ||
| 942 |
_2ddc _cBK - FIL _kFil. _n0 |
||
| 999 |
_c3587 _d3587 |
||